000 00290nam a2200109Ia 4500
008 210430s9999 xx 000 0 und d
082 _a958.0429 A287N
100 _aM.E. Ahrari
_954628
245 4 _aThe New Great Game in Muslim Central Asia
_cM.E. Ahrari
300 _a91
942 _cBK
_2ddc
999 _c565265
_d565265